[Event "FRA-ch Blitz Online Qual"]
[Site "Europe Echecs INT"]
[Date "2020.05.16"]
[Round "3"]
[White "Gerandi, Guillaume"]
[Black "Mendoza, Mael"]
[Result "0-1"]
[WhiteElo "1876"]
[BlackElo "1451"]
[PlyCount "40"]
[EventDate "2020.05.16"]
[EventType "swiss (blitz)"]
[EventRounds "15"]
[EventCountry "FRA"]
[SourceTitle "CBM 196 Extra"]
[Source "ChessBase"]
[SourceDate "2020.07.31"]
[SourceVersion "1"]
[SourceVersionDate "2020.07.31"]
[SourceQuality "1"]

1. e4 e5 2. Nf3 Nc6 3. Nc3 Nf6 4. d4 exd4 5. Nxd4 d6 6. Nxc6 bxc6 7. Bd3 Be7 8. 0-0 0-0 9. f4 a5 10. Qe2 d5 11. e5 Nd7 12. Qh5 h6 13. Qf5 Nf6 14. e6 Bxe6 15. Qe5 Bc5+ 16. Kh1 Ng4 17. Qe2 Qh4 18. h3 Nf2+ 19. Rxf2 Qxf2 20. f5 Qg1# 0-1

[Event "FRA-ch Blitz Online Qual"]
[Site "Europe Echecs INT"]
[Date "2020.05.16"]
[Round "10"]
[White "Mendoza, Mael"]
[Black "Goulesque, Camille"]
[Result "0-1"]
[WhiteElo "1451"]
[BlackElo "1899"]
[PlyCount "24"]
[EventDate "2020.05.16"]
[EventType "swiss (blitz)"]
[EventRounds "15"]
[EventCountry "FRA"]
[SourceTitle "CBM 196 Extra"]
[Source "ChessBase"]
[SourceDate "2020.07.31"]
[SourceVersion "1"]
[SourceVersionDate "2020.07.31"]
[SourceQuality "1"]

1. e4 g6 2. d4 Bg7 3. c4 c5 4. Be3 Nc6 5. Nf3 Qb6 6. Qd2 cxd4 7. Bf4 d6 8. Na3 Bg4 9. Nc2 Bxf3 10. gxf3 Qxb2 11. Be2 d3 12. Bxd3 Bc3 0-1